|
|
|
|
| LEADER |
00000nam a2200000 a 4500 |
| 001 |
vtls008957302 |
| 003 |
SK-MaSNL |
| 005 |
20260302042720.0 |
| 008 |
240313s2007 xo dal d p 000 0 slo |
| 015 |
|
|
|a SNBA2007/06-02183
|
| 020 |
|
|
|a 9788022817059
|q (brož.)
|z 8022817058 (brož.)
|
| 035 |
|
|
|a 5EABB254-497A-4EC5-AF65-59B9889CA020
|
| 035 |
|
|
|a urn:nbn:sk:snk-amkqbo
|
| 035 |
|
|
|a urn:nbn:sk:snk-am005e50
|
| 040 |
|
|
|a SNK
|b slo
|c SNK
|e AACR2
|
| 041 |
0 |
|
|a slo
|
| 044 |
|
|
|a xo
|c SK
|
| 072 |
|
7 |
|a 674
|x Drevo. Drevársky priemysel
|2 konspekt
|
| 080 |
|
|
|a 674.817-415
|2 2001
|
| 080 |
|
|
|a 674.815
|2 2001
|
| 080 |
|
|
|a 674.815/.817
|2 2001
|
| 080 |
|
|
|a (075.8)
|2 2001
|
| 080 |
|
|
|a 620.2-039
|2 2001
|
| 100 |
1 |
|
|a Štefka, Vilém,
|d 1941-
|4 aut
|9 101848
|
| 245 |
1 |
0 |
|a Kompozitné drevné materiály
|n Časť II.
|p Technológia aglomerovaných materiálov
|c Vilém Štefka
|
| 246 |
3 |
0 |
|a Technológia aglomerovaných materiálov
|
| 250 |
|
|
|a 1. vyd.
|
| 260 |
|
|
|a Zvolen
|b Technická univerzita
|c 2007
|
| 300 |
|
|
|a 203 s.
|b fotogr., grafy, sch., tab.
|c 29 cm
|
| 366 |
|
|
|e 200 výtl.
|
| 650 |
0 |
7 |
|a kompozitné materiály
|2 SNKPH
|9 69522
|
| 650 |
0 |
7 |
|a drevovláknité dosky
|2 SNKPH
|9 1120
|
| 650 |
0 |
7 |
|a drvotrieskové dosky
|2 SNKPH
|9 695954
|
| 650 |
0 |
7 |
|a aglomerované materiály
|2 SNKPH
|9 101849
|
| 650 |
0 |
7 |
|a Composite materials
|2 SNKPHeng
|9 82031
|
| 650 |
0 |
7 |
|a Fibreboard sheets
|2 SNKPHeng
|9 597577
|
| 650 |
0 |
7 |
|a Particle board
|2 SNKPHeng
|9 320543
|
| 650 |
0 |
7 |
|a Agglomerated materials
|2 SNKPHeng
|9 600880
|
| 655 |
|
7 |
|a učebnice vysokých škôl
|2 SNKPH
|9 70191
|
| 655 |
|
7 |
|a Textbooks (higher)
|2 SNKPHeng
|9 276436
|
| 919 |
|
|
|a 978-80-228-1705-9
|
| 958 |
|
|
|a OND
|
| 968 |
|
|
|d 66/69
|
| 999 |
|
|
|c 1083869
|d 1085799
|
| 952 |
|
|
|a SNK
|b SNK
|y PREZ
|7 0
|p 17A0545359
|o snkSB 74141/2
|i snk2007/7919
|8 0
|0 0
|1 0
|4 0
|d 2007-03-20
|f 1
|l 0
|r 2025-04-24 00:00:00
|w 2026-02-24
|
| 952 |
|
|
|a SNK
|b SNK
|y VYP
|7 0
|p 17A0545360
|o snkSB 74141/2 D1
|i snk2007/7921
|8 0
|0 0
|1 0
|4 0
|d 2007-03-20
|l 0
|r 2016-06-30 00:00:00
|w 2026-02-24
|